A new outlook for international law. (Record no. 84226)

MARC details
000 -LEADER
fixed length control field 00619nam a2200229 4500
001 - CONTROL NUMBER
control field sa 68011982
003 - CONTROL NUMBER IDENTIFIER
control field DLC
005 - DATE AND TIME OF LATEST TRANSACTION
control field 20260227112606.0
008 - FIXED-LENGTH DATA ELEMENTS--GENERAL INFORMATION
fixed length control field 691104s1968 ii b 00100 eng
010 ## - LIBRARY OF CONGRESS CONTROL NUMBER
LC control number sa 68011982
025 ## - OVERSEAS ACQUISITION NUMBER
Overseas acquisition number PL480:I-E-10522
050 0# - LIBRARY OF CONGRESS CALL NUMBER
Classification number JX3695.I5
Item number M83 1968
082 ## - DEWEY DECIMAL CLASSIFICATION NUMBER
Classification number 341
100 10 - MAIN ENTRY--PERSONAL NAME
Personal name Mukherjee, Subimal Kumar.
245 1# - TITLE STATEMENT
Title A new outlook for international law.
250 ## - EDITION STATEMENT
Edition statement [2d rev. and enl. ed.]
260 0# - PUBLICATION, DISTRIBUTION, ETC.
Place of publication, distribution, etc. Calcutta,
Name of publisher, distributor, etc. World Press,
Date of publication, distribution, etc. 1968.
300 ## - PHYSICAL DESCRIPTION
Extent xx, 472 p.
Dimensions 23 cm.
350 ## - PRICE (NR) (BK AM CF MU VM SE) [OBSOLETE]
Price 20.00
-- ($6.00)
504 ## - BIBLIOGRAPHY, ETC. NOTE
Bibliography, etc. note Bibliography: p. 461-467.
650 #0 - SUBJECT ADDED ENTRY--TOPICAL TERM
Topical term or geographic name entry element International law.

No items available.

Powered by Koha